Pharmacology (Record no. 594)
[ view plain ]
| 000 -LEADER | |
|---|---|
| fixed length control field | 00550nam a22002057a 4500 |
| 003 - CONTROL NUMBER IDENTIFIER | |
| control field | OSt |
| 005 - DATE AND TIME OF LATEST TRANSACTION | |
| control field | 20190930165310.0 |
| 008 - FIXED-LENGTH DATA ELEMENTS--GENERAL INFORMATION | |
| fixed length control field | 141024b xxu||||| |||| 00| 0 eng d |
| 020 ## - INTERNATIONAL STANDARD BOOK NUMBER | |
| International Standard Book Number | 0443041105 |
| 040 ## - CATALOGING SOURCE | |
| Transcribing agency | DDC |
| 082 ## - DEWEY DECIMAL CLASSIFICATION NUMBER | |
| Classification number | QV 4 R162p 1991 |
| 100 ## - MAIN ENTRY--PERSONAL NAME | |
| Personal name | Rang H. P; Dale, M.M. |
| 9 (RLIN) | 1537 |
| 245 ## - TITLE STATEMENT | |
| Title | Pharmacology |
| 250 ## - EDITION STATEMENT | |
| Edition statement | 2nd ed. |
| 260 ## - PUBLICATION, DISTRIBUTION, ETC. (IMPRINT) | |
| Place of publication, distribution, etc. | London: |
| Name of publisher, distributor, etc. | Churchill Livingstone ; |
| Date of publication, distribution, etc. | 1991 |
| 300 ## - PHYSICAL DESCRIPTION | |
| Extent | xii, 955p : |
| Other physical details | col.ill |
| Dimensions | 29 cm. |
| 504 ## - BIBLIOGRAPHY, ETC. NOTE | |
| Bibliography, etc | Includes Bibliographical references and Index |
| 650 ## - SUBJECT ADDED ENTRY--TOPICAL TERM | |
| Topical term or geographic name as entry element | Pharmacology |
| 9 (RLIN) | 357 |
| 942 ## - ADDED ENTRY ELEMENTS (KOHA) | |
| Source of classification or shelving scheme | Other/Generic Classification Scheme |
| Koha item type | Open Shelf |
| Withdrawn status | Lost status | Source of classification or shelving scheme | Damaged status | Not for loan | Home library | Current library | Date acquired | Source of acquisition | Inventory number | Total Checkouts | Full call number | Barcode | Date last seen | Koha item type | Date last checked out | Price effective from |
|---|---|---|---|---|---|---|---|---|---|---|---|---|---|---|---|---|
| Other/Generic Classification Scheme | MUST Main Library | MUST Main Library | 24/10/2014 | Purchase | 06/26679 | QV 4 P494h 2003 | 2014-3137 | 24/10/2014 | Short Loan | |||||||
| Other/Generic Classification Scheme | MUST Main Library | MUST Main Library | 24/10/2014 | Purchase | 06/26680 | QV 4 P494h 2003 | 2014-3138 | 24/10/2014 | Short Loan | |||||||
| Other/Generic Classification Scheme | MUST Main Library | MUST Main Library | 25/04/2017 | Purchase | 97/11283 | 2 | QV 4 R162p 1991 | 2017-0821 | 18/09/2024 | Open Shelf | 30/08/2024 | |||||
| Other/Generic Classification Scheme | MUST Main Library | MUST Main Library | 30/09/2019 | Purchase | 97/11285 | 2 | QV 4 R162p 1991 | 2019-0498 | 17/08/2022 | Open Shelf | 04/08/2022 | |||||
| Other/Generic Classification Scheme | MUST Main Library | MUST Main Library | 29/08/2022 | Purchase | 1997/11284 | 1 | QV 4 R162p 1991 | 2022-7963 | 02/09/2024 | Open Shelf | 29/08/2022 | 29/08/2022 |
